Capitals of Mockingreal - Statistics

General Stats
  • This quiz has been taken 3 times
  • The average score is 11 of 21
Answer Stats
Country Capital % Correct
Churres Los Xigra
100%
Maurere Filni
67%
Helene Foxe
67%
Ruski Jubb
67%
Dostasia Lanns
67%
Gavshal Lasu Pele
67%
Fanothecalybe Mi Beave
67%
Fonchi Mieria
67%
Linteressenta Pawns
67%
Carenciva Poenia
67%
Cavablar Arina
33%
Oriental Dations Calatti
33%
Appius Calkima
33%
Occidental Dations Fanson
33%
Arimas Meanoryte
33%
Akubach Olvo
33%
Llanu Piduma
33%
Forstbeanca Rejerock
33%
Sansaun Sinveru
33%
Pley-Mey Umajai
33%
Realivitupsuch Vinkel
33%
No matching quizzes found
Score Distribution
Percent of People with Each Score
Percentile by Number Answered
Your Score History
You have not taken this quiz